Economics. (Record no. 466)

MARC details
005 - DATE AND TIME OF LATEST TRANSACTION
control field 20250621092440.0
020 ## - INTERNATIONAL STANDARD BOOK NUMBER
International Standard Book Number 0-03-066336-9
082 ## - DEWEY DECIMAL CLASSIFICATION NUMBER
Classification number 330 PEN
100 ## - MAIN ENTRY--PERSONAL NAME
Author name PENNINGTON, R. L.
245 ## - TITLE STATEMENT
Title Economics.
260 ## - PUBLICATION, DISTRIBUTION, ETC.
Place of publication, distribution, etc. New York,
Name of publisher, distributor, etc. Holt, Rinehart and Winston,
Date of publication, distribution, etc. 2003.
300 ## - PHYSICAL DESCRIPTION
Extent xxiii, 453p.: ill.; figure, picture, table
Other physical details Glossary & Index
Dimensions 28cm
942 ## - ADDED ENTRY ELEMENTS (KOHA)
Source of classification or shelving scheme Dewey Decimal Classification
Koha item type Books
Holdings
Date last seen Total checkouts Full call number Barcode Cost, replacement price Price effective from Koha item type Lost status Source of classification or shelving scheme Damaged status Not for loan Withdrawn status Home library Current library Shelving location Date acquired Cost, normal purchase price
03/12/2025   330 PEN 0000001818 30000.00 03/12/2025 Books   Dewey Decimal Classification       College of Business Education Main Library College of Business Education Main Library General Collection 03/12/2025 10000.00